| 000 | 01104nam a22002297a 4500 | ||
|---|---|---|---|
| 003 | OSt | ||
| 005 | 20250911154601.0 | ||
| 008 | 240215b ||||| |||| 00| 0 eng d | ||
| 040 | _c0 | ||
| 082 | _aDPer 621.317 Ie21 May 2022 v. 37 n. 5 | ||
| 100 |
_aGolestan, Saeed. _eauthor. _952510 |
||
| 245 |
_aLTP modeling and stability assessment of multiple second-order generalized integrator-based signal processing/synchronization algorithms and their close variants / _cSaeed Golestan, Josep M. Guerrero, Abdullah M. Abusorrah, Juan C. Vasquez, and Yusuf Al-Turki. |
||
| 260 |
_aNew York ; _bThe Institute of Electrical and Electronics Engineers, Inc. , _cMay 2022. |
||
| 300 |
_aVolume 37, pages 5062-5077 : _billustration ; _c28 cm. |
||
| 500 | _aIEEE Transactions on Power Electronics, vol. 37, no. 5, pages 5062-5077, May 2022. | ||
| 700 |
_aGolestan, Saeed. _eauthor. _952510 |
||
| 700 |
_aGuerrero, Josep M. _eauthor. _952511 |
||
| 700 |
_aAbusorrah, Abdullah M. _eauthor. _952512 |
||
| 700 |
_aVasquez, Juan C. _eauthor. _952513 |
||
| 700 |
_aAl-Turki, Yusuf. _eauthor. _952514 |
||
| 942 |
_2ddc _cPER |
||
| 999 |
_c19172 _d19172 |
||